High performance hiring : selecting the best (Record no. 204440)

MARC details
000 -LEADER
fixed length control field 00760nam a2200241Ia 4500
008 - FIXED-LENGTH DATA ELEMENTS--GENERAL INFORMATION
fixed length control field 191130s2004##################000#0#eng##
020 ## - INTERNATIONAL STANDARD BOOK NUMBER
ISBN 9788176495752
082 ## - DEWEY DECIMAL CLASSIFICATION NUMBER
Classification number 658.31 WEN
100 ## - MAIN ENTRY--AUTHOR NAME
Personal name Wendover, Robert W
245 ## - TITLE STATEMENT
Title High performance hiring : selecting the best
Statement of responsibility, etc Robert W Wendover
260 ## - PUBLICATION, DISTRIBUTION, ETC. (IMPRINT)
Place of publication New Delhi
Name of publisher Crisp Learning
Year of publication 2004
300 ## - PHYSICAL DESCRIPTION
Number of Pages xii , 105 p. : ill. ; 23 cm
500 ## - GENERAL NOTE
General note Includes bibliographical references and index
650 ## - SUBJECT ADDED ENTRY--TOPICAL TERM
Topical Term Employee selection
Topical Term Employees--Rating of
Topical Term Employees--Recruiting
Topical Term Executives--Selection and appointment
Topical Term Performance--Management
991 ## -
-- 155752
Holdings
Withdrawn status Lost status Damaged status Not for loan Home library Current library Shelving location Date acquired Full call number Accession Number Price effective from Koha item type
        Anna Centenary Library Anna Centenary Library 4TH FLOOR, A WING 13.10.2020 658.31 WEN 359733 13.10.2020 English Books

Find us on the map